|
|
|
|
| LEADER |
01365nam a2200289 a 4500 |
| 001 |
7913 |
| 003 |
BD-DhAAL |
| 008 |
090415s1996 nyua b 001 0 eng d |
| 999 |
|
|
|c 197
|d 197
|
| 010 |
|
|
|a 95045908
|
| 020 |
|
|
|a 0471123811 (acid-free paper)
|
| 020 |
|
|
|a 0471123803 (pbk. : acid-free paper)
|
| 040 |
|
|
|a DLC
|c DLC
|d DLC
|d BD-DhAAL
|
| 082 |
0 |
0 |
|a 658.8/3
|2 20
|
| 100 |
1 |
|
|a Hester, Edward L.
|9 41432
|
| 245 |
1 |
0 |
|a Successful marketing research :
|b the complete guide to getting and using essential information about your customers and competitors /
|c Edward L. Hester.
|
| 260 |
|
|
|a New York :
|b Wiley,
|c c1996.
|
| 300 |
|
|
|a xv, 240 pages :
|b illustrations ;
|c 24 cm.
|
| 490 |
1 |
|
|a A Wiley small business edition
|
| 504 |
|
|
|a Includes bibliographical references (pages 232-234) and index.
|
| 541 |
1 |
|
|e 7913, 7935
|
| 650 |
|
0 |
|a Marketing research.
|9 41433
|
| 830 |
|
0 |
|a A Wiley small business edition
|9 41434
|
| 852 |
|
|
|a Ayesha Abed Library
|c General Stacks
|
| 942 |
|
|
|2 ddc
|c BK
|
| 952 |
|
|
|0 0
|1 0
|2 ddc
|4 0
|6 658_830000000000000_HES
|7 0
|9 181
|a BRACUL
|b BRACUL
|c GEN
|d 2009-04-29
|g 0.00
|l 1
|m 1
|o 658.83 HES
|p 3010007913
|r 2025-04-28
|s 2025-04-17
|t 1
|w 2009-04-29
|y BK
|x No price found in the accession register.
|
| 952 |
|
|
|0 0
|1 4
|2 ddc
|4 0
|6 658_830000000000000_HES
|7 0
|9 16782
|a BRACUL
|b BRACUL
|c GEN
|d 2011-05-26
|l 0
|o 658.83 HES
|p 3010007935
|r 2011-05-26
|t 2
|w 2011-05-26
|y BK
|x Koha Inventory 2020
|